000 00549nam a2200205 a 4500
001 52294
003 AR-BaAGN
005 20240503100304.0
007 ta
008 s1854 ag |||||r|||| ||| ||spa d
040 _aAR-BaAGN
_bspa
_eaacr
100 1 _aZuviría, Facundo de,
_d1794-1861
_94451
245 1 0 _aReflexiones sobre la calumnia /
_cFacundo Zuviría.
260 _aBuenos Aires :
_bImprenta Argentina,
_c1854.
300 _a28 páginas
336 _btxt
_2rdacontent
337 _bn
_2rdamedia
338 _bnc
_2rdacarrier
942 _cLIBRO
999 _c52294
_d52294